Για την ιστορία

Saved in:
Bibliographic Details
Main Author: Hobsbawm, E. J. (Eric J.), 1917-2012
Other Authors: Ματάλας, Παρασκευάς (trl [Μεταφραστής])
Format: Book
Language:Greek
English
Published: Αθήνα : Θεμέλιο, 1998.
Series:Ιστορική βιβλιοθήκη (Θεμέλιο (Εταιρεία))
Subjects:
Tags: Add Tag
No Tags, Be the first to tag this record!

MARC

LEADER 00000cam a2200000 i 4500
001 1/99715
008 000127s1998 gr | ||| |||| ||gre||
020 |a 960310244X 
035 |l 10056991 
040 |a GR-MyUa  |b gre  |e AACR2 
041 1 |a gre  |h eng 
082 7 |a 901 2  |2 (22) 
100 1 |a Hobsbawm, E. J.   |q (Eric J.),   |d 1917-2012. 
245 1 0 |a Για την ιστορία /   |c Eric Hobsbawn ; μετάφραση Παρασκευάς Μάταλας. 
260 |a Αθήνα :   |b Θεμέλιο,   |c 1998. 
300 |a 339 σ. 
490 1 |a (Ιστορική βιβλιοθήκη / Θεμέλιο) 
500 |a Περιλαμβάνει ευρετήριο. 
650 0 |a History  |x Philosophy. 
650 0 |a Historiography. 
700 1 |a Ματάλας, Παρασκευάς,  |e trl [Μεταφραστής] 
765 0 8 |i Μετάφραση του:   |t On history /  
830 0 |a Ιστορική βιβλιοθήκη (Θεμέλιο (Εταιρεία)) 
852 |a INST  |b LESVOS  |e 20000127  |h 901 HOB  |p 005100022517  |q 005100022517  |t BK  |y 0 
852 |a INST  |b RHODES  |e 20030606  |h 901 HOB  |p 005400020267  |q 005400020267  |t BK  |y 0 
901 |a BIBL1-2000-1 
970 |a ΚΑΜΑΤΣΟΥ  |b ΔΕΣΠΟΙΝΑ  |z 2000/01/27